[Event "GER-ch Net qual3 U14"]
[Site "Playchess.com INT"]
[Date "2009.05.17"]
[Round "5"]
[White "Werwitzke, Jasper"]
[Black "Pohl, Stefan"]
[Result "1-0"]
[WhiteElo "1349"]
[BlackElo "1427"]
[PlyCount "137"]
[EventDate "2009.05.17"]
[EventType "swiss (blitz)"]
[EventRounds "7"]
[EventCountry "GER"]
[SourceTitle "CBM 130 Extra"]
[Source "ChessBase"]
[SourceDate "2009.07.02"]
[SourceVersion "2"]
[SourceVersionDate "2009.07.15"]
[SourceQuality "1"]

1. e4 e5 2. Nf3 Nf6 3. Nxe5 Qe7 4. Nf3 Qxe4+ 5. Qe2 Qxe2+ 6. Bxe2 d5 7. 0-0 Nc6 8. Re1 Bc5 9. Bd3+ Be6 10. b3 0-0 11. Bb2 Bg4 12. Bxf6 gxf6 13. Nh4 Kh8 14. h3 Bxh3 15. gxh3 Rg8+ 16. Ng2 Rg6 17. Bxg6 hxg6 18. Nc3 d4 19. Nd5 Rd8 20. Nxf6 d3 21. c3 Rd6 22. Ne4 Rd5 23. Nxc5 Rxc5 24. Re3 Rd5 25. c4 Rd4 26. Rae1 Nb4 27. Re7 Nc2 28. Rc1 Nb4 29. Rxc7 Nxa2 30. Ra1 Nb4 31. Rxb7 Re4 32. Ne3 Nc2 33. Rc1 Nxe3 34. fxe3 Kg7 35. Rxa7 Kf6 36. Rf1+ Ke6 37. Rfxf7 Rh4 38. Rae7+ Kd6 39. Rd7+ Ke6 40. Rfe7+ Kf6 41. Rh7 Rxh7 42. Rxh7 Kg5 43. Rd7 Kh4 44. Rxd3 Kxh3 45. b4 g5 46. e4+ Kh4 47. c5 g4 48. Kg2 g3 49. Rxg3 Kh5 50. d4 Kh4 51. e5 Kh5 52. d5 Kh6 53. b5 Kh7 54. e6 Kh6 55. d6 Kh7 56. c6 Kh6 57. b6 Kh7 58. e7 Kh6 59. d7 Kh7 60. c7 Kh6 61. b7 Kh7 62. b8Q Kh6 63. c8Q Kh7 64. d8Q Kh6 65. e8Q Kh7 66. Qb1+ Kh6 67. Qe3+ Kh5 68. Qdd1+ Kh4 69. Qcd8# 1-0